Statistiche per Paesi in cui il cricket è lo sport più popolare

Clicka qui per fare il quiz!

Statistiche generali

  • Questo quiz è stato fatto 1.065 volte
  • Il punteggio medio è 8 su 14

Statistiche sulle risposte

ContinentePaesi% Corretto
AsiaIndia
95%
AsiaPakistan
82%
AsiaBangladesh
70%
AsiaNepal
58%
AsiaSri Lanka
56%
America del NordSanta Lucia
55%
SudamericaGuyana
54%
America del NordSaint Kitts e Nevis
54%
America del NordSaint Vincent e Grenadine
53%
America del NordAntigua e Barbuda
52%
AsiaAfghanistan
51%
America del NordTrinidad e Tobago
51%
America del NordBarbados
50%
America del NordGrenada
50%

Distribuzione punteggi

Percentile per numero di risposta

Percentuale di utenti per punteggio

I tuoi punteggi nel tempo

Non hai fatto questo quiz